<?xml version="1.0" encoding="UTF-8"?><?xml-stylesheet type="text/xsl" href="static/style.xsl"?><OAI-PMH xmlns="http://www.openarchives.org/OAI/2.0/" xmlns:xsi="http://www.w3.org/2001/XMLSchema-instance" xsi:schemaLocation="http://www.openarchives.org/OAI/2.0/ http://www.openarchives.org/OAI/2.0/OAI-PMH.xsd"><responseDate>2026-06-01T04:33:38Z</responseDate><request verb="GetRecord" identifier="oai:riuma.uma.es:10630/39035" metadataPrefix="marc">https://riuma.uma.es/rest/oai/request</request><GetRecord><record><header><identifier>oai:riuma.uma.es:10630/39035</identifier><datestamp>2026-02-03T11:06:08Z</datestamp><setSpec>com_10630_2254</setSpec><setSpec>col_10630_37953</setSpec></header><metadata><record xmlns="http://www.loc.gov/MARC21/slim" xmlns:dcterms="http://purl.org/dc/terms/" xmlns:doc="http://www.lyncode.com/xoai" xmlns:xsi="http://www.w3.org/2001/XMLSchema-instance" xsi:schemaLocation="http://www.loc.gov/MARC21/slim http://www.loc.gov/standards/marcxml/schema/MARC21slim.xsd">
   <leader>00925njm 22002777a 4500</leader>
   <datafield ind2=" " ind1=" " tag="042">
      <subfield code="a">dc</subfield>
   </datafield>
   <datafield ind2=" " ind1=" " tag="720">
      <subfield code="a">Álvarez-Torres, Daniel</subfield>
      <subfield code="e">author</subfield>
   </datafield>
   <datafield ind2=" " ind1=" " tag="720">
      <subfield code="a">Moreno, Patricia</subfield>
      <subfield code="e">author</subfield>
   </datafield>
   <datafield ind2=" " ind1=" " tag="720">
      <subfield code="a">García-Rosado, Esther</subfield>
      <subfield code="e">author</subfield>
   </datafield>
   <datafield ind2=" " ind1=" " tag="720">
      <subfield code="a">Alonso-Sánchez, María del Carmen</subfield>
      <subfield code="e">author</subfield>
   </datafield>
   <datafield ind2=" " ind1=" " tag="720">
      <subfield code="a">Béjar-Alvarado, Julia</subfield>
      <subfield code="e">author</subfield>
   </datafield>
   <datafield ind2=" " ind1=" " tag="260">
      <subfield code="c">2025-06-12</subfield>
   </datafield>
   <datafield ind2=" " ind1=" " tag="520">
      <subfield code="a">Mx genes display strong and quick induction in response to viral infections, which varies according to the viral virulence; furthermore, mx transcription is blocked by several viruses as part of their immune evasion strategies. Therefore, the level and time course of mx induction reflect virus–host interplay. This idea prompted the development of in vitro experimental systems consisting of cells stably expressing luciferase under the control of fish mx promoters. In this study, two RTG-2 cell lines, expressing luciferase under the control of Senegalese sole (Solea senegalensis) mx (ssmx) promoter, and under the control of gilthead sea bream (Sparus aurata) mx2 (saumx2) promoter, have been applied to study betanodavirus–host interaction. Both systems were inoculated with nervous necrosis virus, NNV, isolates belonging to different genotypes. The combination of both systems has been proved to be useful to detect all of them, although each isolate triggered a characteristic profile in each system. In addition, a protocol to estimate the titre of the RGNNV isolate in sea bass (Dicentrarchus labrax) brain has been established, and a clear dose-dependent antagonistic effect of this NNV isolate was recorded. Thus, both cell lines are useful tools to study betanodavirus–host interaction and, therefore, contribute to developing measures to fight viral infections in aquaculture.</subfield>
   </datafield>
   <datafield ind1="8" ind2=" " tag="024">
      <subfield code="a">Álvarez‐Torres, D., Moreno, P., García‐Rosado, E., Alonso, M. C., &amp; Béjar, J. (2025). Betanodavirus Quantification and &lt;scp>IFN&lt;/scp> I‐Antagonism Detection Using Luciferase Reporter Systems Based on Fish mx Promoters. Journal of Fish Diseases.</subfield>
   </datafield>
   <datafield ind1="8" ind2=" " tag="024">
      <subfield code="a">0140-7775</subfield>
   </datafield>
   <datafield ind1="8" ind2=" " tag="024">
      <subfield code="a">https://hdl.handle.net/10630/39035</subfield>
   </datafield>
   <datafield ind1="8" ind2=" " tag="024">
      <subfield code="a">10.1111/jfd.70000</subfield>
   </datafield>
   <datafield tag="653" ind2=" " ind1=" ">
      <subfield code="a">Peces - Enfermedades por virus</subfield>
   </datafield>
   <datafield ind2="0" ind1="0" tag="245">
      <subfield code="a">Betanodavirus Quantification and IFN I-Antagonism Detection Using Luciferase Reporter Systems Based on Fish mx Promoters</subfield>
   </datafield>
</record>
</metadata></record></GetRecord></OAI-PMH>